000
00509nam a2200169Ia 4500
008
090123s9999 xx 000 0 und d
082
_b
8145
100
_a
खांबेटे द.पा.
245
_a
बायकांचं गुपित
250
_a
1
300
_a
212
600
_a
खांबेटे द.पा.
630
_a
बायकांचं गुपित
700
_a
खांबेटे द.पा.
730
_a
बायकांचं गुपित
942
_c
BOOK
999
_c
46211
_d
46211